<?xml version="1.0" encoding="UTF-8"?>
<record
    xmlns:xsi="http://www.w3.org/2001/XMLSchema-instance"
    xsi:schemaLocation="http://www.loc.gov/MARC21/slim http://www.loc.gov/standards/marcxml/schema/MARC21slim.xsd"
    xmlns="http://www.loc.gov/MARC21/slim">

  <leader>00876nam a2200181Ia 4500</leader>
  <controlfield tag="008">151202s9999||||xx |||||||||||||| ||und||</controlfield>
  <datafield tag="082" ind1=" " ind2=" ">
    <subfield code="b">PNVM-75401</subfield>
  </datafield>
  <datafield tag="100" ind1=" " ind2=" ">
    <subfield code="a"> &#x938;&#x93F;&#x902;&#x917; &#x92E;&#x93F;&#x932;&#x94D;&#x916;&#x93E; /&#x905;&#x928;&#x941;-&#x91A;&#x93E;&#x902;&#x926;&#x94B;&#x930;&#x915;&#x930; &#x928;&#x940;&#x932;&#x93E;.</subfield>
  </datafield>
  <datafield tag="245" ind1=" " ind2=" ">
    <subfield code="a">&#x92E;&#x93F;&#x932;&#x94D;&#x916;&#x93E; &#x938;&#x93F;&#x902;&#x917;- &#x92E;&#x93E;&#x91D;&#x94D;&#x92F;&#x93E; &#x906;&#x92F;&#x941;&#x937;&#x94D;&#x92F;&#x93E;&#x91A;&#x940; &#x936;&#x930;&#x94D;&#x92F;&#x902;&#x924; </subfield>
  </datafield>
  <datafield tag="260" ind1=" " ind2=" ">
    <subfield code="b">&#x91C;&#x92F;&#x915;&#x94B; </subfield>
  </datafield>
  <datafield tag="260" ind1=" " ind2=" ">
    <subfield code="c">2014</subfield>
  </datafield>
  <datafield tag="300" ind1=" " ind2=" ">
    <subfield code="a">175</subfield>
  </datafield>
  <datafield tag="600" ind1=" " ind2=" ">
    <subfield code="a"> &#x938;&#x93F;&#x902;&#x917; &#x92E;&#x93F;&#x932;&#x94D;&#x916;&#x93E; /&#x905;&#x928;&#x941;-&#x91A;&#x93E;&#x902;&#x926;&#x94B;&#x930;&#x915;&#x930; &#x928;&#x940;&#x932;&#x93E;.</subfield>
  </datafield>
  <datafield tag="630" ind1=" " ind2=" ">
    <subfield code="a">&#x92E;&#x93F;&#x932;&#x94D;&#x916;&#x93E; &#x938;&#x93F;&#x902;&#x917;- &#x92E;&#x93E;&#x91D;&#x94D;&#x92F;&#x93E; &#x906;&#x92F;&#x941;&#x937;&#x94D;&#x92F;&#x93E;&#x91A;&#x940; &#x936;&#x930;&#x94D;&#x92F;&#x902;&#x924; </subfield>
  </datafield>
  <datafield tag="700" ind1=" " ind2=" ">
    <subfield code="a"> &#x938;&#x93F;&#x902;&#x917; &#x92E;&#x93F;&#x932;&#x94D;&#x916;&#x93E; /&#x905;&#x928;&#x941;-&#x91A;&#x93E;&#x902;&#x926;&#x94B;&#x930;&#x915;&#x930; &#x928;&#x940;&#x932;&#x93E;.</subfield>
  </datafield>
  <datafield tag="730" ind1=" " ind2=" ">
    <subfield code="a">&#x92E;&#x93F;&#x932;&#x94D;&#x916;&#x93E; &#x938;&#x93F;&#x902;&#x917;- &#x92E;&#x93E;&#x91D;&#x94D;&#x92F;&#x93E; &#x906;&#x92F;&#x941;&#x937;&#x94D;&#x92F;&#x93E;&#x91A;&#x940; &#x936;&#x930;&#x94D;&#x92F;&#x902;&#x924; </subfield>
  </datafield>
  <datafield tag="942" ind1=" " ind2=" ">
    <subfield code="c">BOOK</subfield>
  </datafield>
  <datafield tag="999" ind1=" " ind2=" ">
    <subfield code="c">1342061</subfield>
    <subfield code="d">1342058</subfield>
  </datafield>
  <datafield tag="952" ind1=" " ind2=" ">
    <subfield code="0">0</subfield>
    <subfield code="1">0</subfield>
    <subfield code="4">0</subfield>
    <subfield code="7">0</subfield>
    <subfield code="a">PNVM</subfield>
    <subfield code="b">PNVM</subfield>
    <subfield code="d">2015-08-11</subfield>
    <subfield code="g">199.00</subfield>
    <subfield code="l">0</subfield>
    <subfield code="o">PNVM-75401</subfield>
    <subfield code="p">PNVM-75401</subfield>
    <subfield code="r">2015-12-02 00:00:00</subfield>
    <subfield code="v">199.00</subfield>
    <subfield code="w">2015-12-02</subfield>
    <subfield code="y">BOOK</subfield>
  </datafield>
</record>
